For The Record Lyrics - 36 Questions - Statistics

General Stats
  • This quiz has been taken 7 times
  • The average score is 329 of 611
Answer Stats
Lyrics % Correct
the
100%
The
100%
"the
100%
a
83%
a.m.
83%
be
83%
For
83%
for
83%
I
83%
I–
83%
my
83%
My
83%
record,
83%
record
83%
we
83%
who
83%
you
83%
you...
83%
you?
83%
you.
83%
36,
67%
36
67%
All
67%
all
67%
And
67%
and
67%
but
67%
But
67%
But,
67%
can
67%
could
67%
do
67%
Do
67%
don't
67%
go
67%
Go
67%
gone
67%
have
67%
he
67%
he–
67%
how
67%
How
67%
just,
67%
just...
67%
Just
67%
left
67%
life
67%
like
67%
lot
67%
love
67%
make
67%
me
67%
me.
67%
Me
67%
No
67%
No...
67%
no
67%
not
67%
of
67%
Of
67%
on
67%
Question
67%
questions
67%
so
67%
to
67%
To
67%
what
67%
What
67%
what?
67%
When
67%
will
67%
your
67%
2
50%
About
50%
about
50%
are
50%
As
50%
at
50%
been
50%
body
50%
by
50%
came
50%
did
50%
didn't
50%
door?
50%
feels
50%
front
50%
her
50%
here
50%
his
50%
If
50%
if
50%
I'll
50%
I'm
50%
is
50%
It
50%
it
50%
It's
50%
it's
50%
I've
50%
know
50%
last
50%
lie
50%
lied
50%
matter
50%
may...
50%
maybe
50%
might
50%
night
50%
nothing
50%
Oh
50%
Oh,
50%
old
50%
one
50%
only
50%
our
50%
right
50%
she
50%
something
50%
still
50%
that
50%
that.
50%
Then
50%
There's
50%
there's
50%
thing
50%
think?
50%
think
50%
this
50%
This
50%
thought
50%
time
50%
two
50%
Two
50%
up?
50%
up
50%
up?!
50%
us
50%
was
50%
way
50%
way?"
50%
Well,
50%
well?
50%
We're
50%
why
50%
with
50%
work
50%
would
50%
"Would
50%
Yeah...
50%
Yeah.
50%
yeah,
50%
Yeah,
50%
years
50%
yes,
50%
You're
50%
10
33%
4
33%
admit
33%
afraid
33%
answer
33%
anymore
33%
asking
33%
aware
33%
back.
33%
before
33%
believing
33%
bottles
33%
candles
33%
caring
33%
carpet
33%
chance
33%
clear
33%
date.
33%
date
33%
different
33%
distance
33%
Drank
33%
Draped
33%
duck
33%
Each
33%
each
33%
expect
33%
eyes
33%
familiar
33%
famous?
33%
first
33%
focused
33%
from
33%
given
33%
good
33%
guess
33%
harder
33%
hat
33%
haven't
33%
hell
33%
help
33%
Hey,
33%
Hey
33%
him
33%
hopeful?
33%
I'd
33%
In
33%
Interstate
33%
jersey.
33%
keep
33%
lifeline
33%
lit
33%
mood
33%
mood"?
33%
Moving
33%
much
33%
open
33%
other
33%
over
33%
picturing
33%
plan
33%
possible
33%
pride
33%
really
33%
remind
33%
responses
33%
sat
33%
say
33%
screwed
33%
SeaWolves!
33%
SeaWolves.
33%
second
33%
see,
33%
seem
33%
self-destructive
33%
sell
33%
sign
33%
sofa
33%
spare
33%
Staring
33%
Suddenly
33%
sway
33%
That's
33%
That's...
33%
Tonight
33%
touch
33%
treat
33%
use
33%
want
33%
wearing
33%
We've
33%
What's
33%
whole
33%
wine?
33%
wine
33%
wish
33%
wrong
33%
cannot
17%
can't
17%
chiller
17%
choice
17%
course
17%
defense
17%
drinkable
17%
drinker,
17%
get
17%
grudge
17%
Healthy
17%
heard
17%
Henry
17%
Henry.
17%
holds
17%
into
17%
Judith,
17%
kinda
17%
knives
17%
liar
17%
makes
17%
okay.
17%
or
17%
passtime
17%
pathological
17%
pick
17%
promises.
17%
reasons
17%
reds
17%
setting
17%
settle
17%
shattered
17%
Stay
17%
sticking
17%
survive
17%
sympathy
17%
table
17%
Ta-da!
17%
telling
17%
terrible
17%
true.
17%
truth
17%
weird
17%
whiskey.
17%
whiskey
17%
wits
17%
you've
17%
Anyway
0%
booze
0%
em.
0%
glass
0%
hmm...
0%
Hmm...
0%
horrible
0%
huh...
0%
Huh...
0%
imagine
0%
more
0%
ought
0%
perfect
0%
senseto
0%
stuff
0%
Tonight's
0%
Which
0%
No matching quizzes found
Score Distribution
Percent of People with Each Score
Percentile by Number Answered
Your Score History
You have not taken this quiz